Biblioteca y Centro de Documentación

Vista normal Vista MARC

Entrada Nombre corporativo

Número de registros utilizados en: 1

001 - NÚMERO DE CONTROL

  • Campo de control: 3988

003 - IDENTIFICADOR DE NÚMERO DE CONTROL

  • Campo de control: ES-MaCES

005 - FECHA Y HORA DE LA ULTIMA MODIFICACION

  • Campo de control: 20110216110100.0

008 - ELEMENTOS DE DATOS DE LONGITUD FIJA

  • Campo de longitud fija: 110216 | azznnaabn || ana d

035 ## - NÚMERO DE CONTROL DEL SISTEMA

  • Número de control del sistema: CES20110000202e

040 ## - FUENTE DE LA CATALOGACIÓN

  • Agencia original de catalogación: ES-MaCES
  • Idioma de catalogación: spa
  • Agencia de transcripción: ES-MaCES

110 2# - ENCABEZAMIENTO--NOMBRE CORPORATIVO

  • Nombre corporativo o de jurisdicción como elemento de entrada: Grupo de Estudio sobre Tendencias Sociales

410 2# - TRAZADO VEÁSE--NOMBRE CORPORATIVO

  • Nombre corporativo o de jurisdicción como elemento de entrada: GETS

670 ## - FUENTE DE DATOS ENCONTRADOS

  • Fuente de citación: BN
  • Información encontrada: Este Grupo de Estudio, está enmarcado dentro del Grupo de Investigación que desarrolla el programa Observatorio Europeo de Tendencias Sociales (OBTS), dentro de la Universidad de Alicante (www.obts.ua.es/gets/)

901 ## - CES. DATOS SIRTEX

  • ID Sirtex (N5N8): 0001800007432
  • 005BIS Sirtex: 201102161101ALORITE
© CES, Consejo Económico y Social de España 2021